1867 1229 1942 1845 1306 1848 1998 1641 1983 1701 1351 1417 1299 1440 1533 1345 1279 1470 1808 1162 1057 1557 1690 1355 1749 1735 1433 1633 1912 1441 1846 1844 1361 1345 1629 1283 1517 1742 1038 1880 1153 1888 1767 1318 1593 1121 1546 1564 1280 1076 1417 1596 1199 1141 1434 1025 1635 1174 1433 1078 1252 1464 1166 1706 1938 1355 1141 1288 1289 1578 1450 1310 1516 1486 1977 1975 1765 1027 1466 1377 1515 1758 1684 1997 1476 1696 1177 1010 1491 1642 1061 1697 1054 1758 1457 1924 1867 1628 1728 BCNSPRNW ULIB Ver.6.0+V

เปลี่ยนเป็นภาษาไทย

Change to English
 แสดงรายละเอียดบรรณานุกรม
  กลับหน้าหลัก

Brief Record : Get Marc (ISO 2709) : E-mail record : QR code < ปิดหน้าต่าง
LEADER : 00000nam 2200000uu 4500
001    13399114599
003     ULIB
008    110627s2550||||th 000 0 tha d
090    นว.^b
100 0  เมแกน วาเลน เทอร์เนอร์
245 00 ราชันแห่งแอตโทเลีย/^cเมแกน วาเลน เทอร์เนอร์
260    กรุงเทพฯ :^bอัมรินทร์,^c2550
710 1  อัมรินทร์
945    ^p0^l0^i022054
995    ทศพร
999 ^a ใช้งานได้ทุกระบบ
รายการนี้ยังไม่มีแท็ก
คุณยังไม่ได้ล็อกอิน คุณสามารถมีกิจกรรมร่วมกับเว็บไซต์ได้ แต่ต้องล็อกอินก่อน ::
  ล็อกอิน

รายการสื่อสารสนเทศ

ลำดับที่ ประเภท เลขเรียก/บาร์โค้ด สถานที่ สถานะ
1. นวนิยาย
นวนิยาย
นว. ฉ.1 
  Barcode: 022054
ห้องสมุดวิทยาเขตสวรรค์ประชารักษ์
►นวนิยาย
บนชั้น
  ขอยืม

รายการใกล้เคียง
    ผู้แต่ง [เมแกน วาเลน เทอร์เนอร์]

BibComment


ยังไม่เคยถูกคอมเมนท์

คอมเมนท์ทรัพยากรรายการนี้
  คอมเมนท์: ราชันแห่งแอตโทเลี..


 Copyright 2026. Bcnsprnw @Library